[Event "1er tournoi de GMI du C'Chartres Echecs 2020"]
[Site "Chartres, France"]
[Date "2020.09.30"]
[Round "2.5"]
[White "VLACHOS, Anatole"]
[Black "STEPHAN, Victor"]
[Result "1/2-1/2"]
[TimeControl "90'+30\""]
[WhiteTitle "IM"]
[BlackTitle "IM"]
[WhiteElo "2437"]
[BlackElo "2439"]

1. e4 {[%clk 01:30:56]} {[%emt 00:00:03]} c5 {[%clk 01:30:48]} {[%emt
00:00:13]} 2. Nc3 {[%clk 01:31:21]} {[%emt 00:00:05]} a6 {[%clk 01:31:10]}
{[%emt 00:00:09]} 3. g3 {[%clk 01:31:44]} {[%emt 00:00:07]} b5 {[%clk
01:31:31]} {[%emt 00:00:08]} 4. Bg2 {[%clk 01:32:06]} {[%emt 00:00:08]} Bb7
{[%clk 01:31:54]} {[%emt 00:00:07]} 5. d3 {[%clk 01:31:46]} {[%emt 00:00:50]}
e6 {[%clk 01:31:44]} {[%emt 00:00:40]} 6. f4 {[%clk 01:32:11]} {[%emt
00:00:05]} Nf6 {[%clk 01:30:12]} {[%emt 00:02:02]} 7. Nh3 {[%clk 01:31:02]}
{[%emt 00:01:39]} b4 {[%clk 01:22:29]} {[%emt 00:08:13]} 8. Ne2 {[%clk
01:30:10]} {[%emt 00:01:22]} d5 {[%clk 01:22:44]} {[%emt 00:00:15]} 9. e5
{[%clk 01:30:33]} {[%emt 00:00:07]} Nfd7 {[%clk 01:23:05]} {[%emt 00:00:08]} 10.
c3 {[%clk 01:30:43]} {[%emt 00:00:22]} Nc6 {[%clk 01:20:04]} {[%emt 00:03:30]}
11. d4 {[%clk 01:30:49]} {[%emt 00:00:24]} g6 {[%clk 01:13:17]} {[%emt
00:07:17]} 12. O-O {[%clk 01:30:50]} {[%emt 00:00:31]} Be7 {[%clk 01:13:17]}
{[%emt 00:00:29]} 13. g4 {[%clk 01:30:29]} {[%emt 00:00:51]} Qb6 {[%clk
01:10:14]} {[%emt 00:03:32]} 14. Kh1 {[%clk 01:21:20]} {[%emt 00:09:39]} h5
{[%clk 01:06:13]} {[%emt 00:04:31]} 15. f5 {[%clk 01:16:15]} {[%emt 00:05:35]}
hxg4 {[%clk 01:01:50]} {[%emt 00:04:52]} 16. fxe6 {[%clk 01:15:52]} {[%emt
00:00:54]} fxe6 {[%clk 01:01:27]} {[%emt 00:00:53]} 17. Ng5 {[%clk 01:08:14]}
{[%emt 00:08:08]} Nf8 {[%clk 00:58:59]} {[%emt 00:02:58]} 18. Ng3 {[%clk
00:57:25]} {[%emt 00:11:20]} cxd4 {[%clk 00:53:45]} {[%emt 00:05:44]} 19. Qxg4
{[%clk 00:56:46]} {[%emt 00:01:08]} Nxe5 {[%clk 00:53:19]} {[%emt 00:00:56]} 20.
Qf4 {[%clk 00:54:47]} {[%emt 00:02:30]} Nd3 {[%clk 00:49:02]} {[%emt 00:04:47]}
21. Qf7+ {[%clk 00:54:30]} {[%emt 00:00:47]} Kd7 {[%clk 00:49:14]} {[%emt
00:00:18]} 22. Qg7 {[%clk 00:51:56]} {[%emt 00:03:04]} Rh4 {[%clk 00:46:26]}
{[%emt 00:04:04]} 23. Rf7 {[%clk 00:43:00]} {[%emt 00:09:25]} Re8 {[%clk
00:45:15]} {[%emt 00:01:41]} 24. cxd4 {[%clk 00:31:12]} {[%emt 00:12:19]} Qxd4
{[%clk 00:42:11]} {[%emt 00:03:35]} 25. Qxd4 {[%clk 00:31:15]} {[%emt
00:00:27]} Rxd4 {[%clk 00:42:34]} {[%emt 00:00:06]} 26. Be3 {[%clk 00:31:42]}
{[%emt 00:00:03]} Rc4 {[%clk 00:40:56]} {[%emt 00:02:07]} 27. b3 {[%clk
00:32:04]} {[%emt 00:00:09]} Rc2 {[%clk 00:39:49]} {[%emt 00:01:36]} 28. Rd1
{[%clk 00:32:05]} {[%emt 00:00:29]} Ne5 {[%clk 00:38:42]} {[%emt 00:01:37]} 29.
Rg7 {[%clk 00:32:34]} {[%emt 00:00:02]} Ng4 {[%clk 00:35:56]} {[%emt 00:03:16]}
30. Bg1 {[%clk 00:31:09]} {[%emt 00:01:53]} Kc8 {[%clk 00:33:11]} {[%emt
00:03:17]} 31. Nf3 {[%clk 00:29:07]} {[%emt 00:02:32]} Kb8 {[%clk 00:31:52]}
{[%emt 00:01:50]} 32. Nd4 {[%clk 00:27:54]} {[%emt 00:01:42]} Nf2+ {[%clk
00:31:03]} {[%emt 00:01:19]} 33. Bxf2 {[%clk 00:28:22]} {[%emt 00:00:02]} Rxf2
{[%clk 00:31:28]} {[%emt 00:00:06]} 34. Rg8 {[%clk 00:26:59]} {[%emt 00:01:52]}
Bc5 {[%clk 00:29:36]} {[%emt 00:02:22]} 35. Nc6+ {[%clk 00:24:54]} {[%emt
00:02:35]} Bxc6 {[%clk 00:27:44]} {[%emt 00:02:23]} 36. Rc1 {[%clk 00:25:22]}
{[%emt 00:00:01]} Nh7 {[%clk 00:19:44]} {[%emt 00:08:30]} 37. Rxg6 {[%clk
00:25:36]} {[%emt 00:00:17]} Rxa2 {[%clk 00:19:06]} {[%emt 00:01:07]} 38. Rxc5
{[%clk 00:26:03]} {[%emt 00:00:02]} Bb5 {[%clk 00:15:47]} {[%emt 00:03:49]} 39.
h4 {[%clk 00:25:47]} {[%emt 00:00:46]} Rf8 {[%clk 00:14:18]} {[%emt 00:02:00]}
40. Rc1 {[%clk 00:23:38]} {[%emt 00:02:39]} Rff2 {[%clk 00:13:16]} {[%emt
00:01:31]} 41. Rg1 {[%clk 00:24:06]} {[%emt 00:00:02]} Nf6 {[%clk 00:12:41]}
{[%emt 00:01:05]} 42. h5 {[%clk 00:23:30]} {[%emt 00:01:06]} Bd3 {[%clk
00:11:41]} {[%emt 00:01:30]} 43. Rg7 {[%clk 00:22:46]} {[%emt 00:01:14]} Ne4
{[%clk 00:09:08]} {[%emt 00:03:03]} 44. Kh2 {[%clk 00:20:26]} {[%emt 00:02:50]}
Rf4 {[%clk 00:08:51]} {[%emt 00:00:47]} 45. Nxe4 {[%clk 00:20:49]} {[%emt
00:00:07]} Rxe4 {[%clk 00:08:14]} {[%emt 00:01:07]} 46. Kg3 {[%clk 00:19:59]}
{[%emt 00:01:20]} Re5 {[%clk 00:08:39]} {[%emt 00:00:05]} 47. Bf3 {[%clk
00:18:59]} {[%emt 00:01:29]} Rc2 {[%clk 00:07:56]} {[%emt 00:01:13]} 48. h6
{[%clk 00:19:00]} {[%emt 00:00:31]} Rc7 {[%clk 00:07:56]} {[%emt 00:00:29]} 49.
Kf4 {[%clk 00:16:52]} {[%emt 00:02:38]} Rf5+ {[%clk 00:07:40]} {[%emt
00:00:47]} 50. Ke3 {[%clk 00:17:21]} Rf6 {[%clk 00:07:15]} {[%emt 00:00:55]} 51.
Kxd3 {[%clk 00:14:29]} {[%emt 00:03:22]} Rxh6 {[%clk 00:07:43]} {[%emt
00:00:02]} 52. Kd4 {[%clk 00:14:01]} {[%emt 00:00:58]} Rh3 {[%clk 00:07:23]}
{[%emt 00:00:50]} 53. Rg8+ {[%clk 00:13:06]} {[%emt 00:01:26]} Ka7 {[%clk
00:07:02]} {[%emt 00:00:50]} 54. Bg4 {[%clk 00:13:25]} {[%emt 00:00:10]} Rxb3
{[%clk 00:06:17]} {[%emt 00:01:16]} 55. Bxe6 {[%clk 00:13:49]} {[%emt
00:00:06]} Rb2 {[%clk 00:05:26]} {[%emt 00:01:20]} 56. Bxd5 {[%clk 00:13:14]}
{[%emt 00:01:06]} Rd2+ {[%clk 00:05:25]} {[%emt 00:00:31]} 57. Ke5 {[%clk
00:13:38]} {[%emt 00:00:06]} Rh7 {[%clk 00:04:13]} {[%emt 00:01:42]} 58. Bf3
{[%clk 00:11:49]} {[%emt 00:02:18]} Re7+ {[%clk 00:04:28]} {[%emt 00:00:16]} 59.
Kf4 {[%clk 00:11:42]} {[%emt 00:00:37]} Rd6 {[%clk 00:04:22]} {[%emt 00:00:37]}
60. Ra8+ {[%clk 00:11:40]} {[%emt 00:00:32]} Kb6 {[%clk 00:04:50]} {[%emt
00:00:03]} 61. Rb8+ {[%clk 00:12:02]} {[%emt 00:00:07]} Ka7 {[%clk 00:05:07]}
{[%emt 00:00:13]} 62. Rxb4 {[%clk 00:11:48]} {[%emt 00:00:43]} Rf6+ {[%clk
00:05:02]} {[%emt 00:00:35]} 63. Kg3 {[%clk 00:12:14]} {[%emt 00:00:04]} Rg7+
{[%clk 00:05:04]} {[%emt 00:00:28]} 64. Bg4 {[%clk 00:12:37]} {[%emt 00:00:06]}
Rb6 {[%clk 00:05:18]} {[%emt 00:00:17]} 65. Rc4 {[%clk 00:12:34]} {[%emt
00:00:33]} Rb3+ {[%clk 00:05:07]} {[%emt 00:00:41]} 66. Kf4 {[%clk 00:12:39]}
{[%emt 00:00:23]} Rgb7 {[%clk 00:04:47]} {[%emt 00:00:51]} 67. Ke5 {[%clk
00:12:35]} {[%emt 00:00:34]} R3b5+ {[%clk 00:05:08]} {[%emt 00:00:10]} 68. Kd4
{[%clk 00:12:29]} {[%emt 00:00:35]} Rb4 {[%clk 00:05:34]} {[%emt 00:00:04]} 69.
Be2 {[%clk 00:12:43]} {[%emt 00:00:16]} Rd7+ {[%clk 00:05:24]} {[%emt
00:00:41]} 70. Kc3 {[%clk 00:13:08]} {[%emt 00:00:05]} Rxc4+ {[%clk 00:05:50]}
{[%emt 00:00:04]} 71. Bxc4 {[%clk 00:13:36]} {[%emt 00:00:02]} Rd6 {[%clk
00:06:08]} {[%emt 00:00:13]} 72. Kb4 {[%clk 00:13:48]} {[%emt 00:00:17]} Rc6
{[%clk 00:06:07]} {[%emt 00:00:30]} 73. Bd5 {[%clk 00:14:11]} {[%emt 00:00:08]}
Rc7 {[%clk 00:05:56]} {[%emt 00:00:40]} 74. Rg6 {[%clk 00:14:18]} {[%emt
00:00:22]} Rc1 {[%clk 00:04:48]} {[%emt 00:01:40]} 75. Rg7+ {[%clk 00:14:46]}
{[%emt 00:00:02]} Kb8 {[%clk 00:05:11]} {[%emt 00:00:06]} 76. Bc4 {[%clk
00:15:11]} {[%emt 00:00:05]} a5+ {[%clk 00:05:16]} {[%emt 00:00:26]} 77. Kb5
{[%clk 00:14:47]} {[%emt 00:00:53]} a4 {[%clk 00:05:37]} {[%emt 00:00:10]} 78.
Bd5 {[%clk 00:14:35]} {[%emt 00:00:41]} a3 {[%clk 00:05:52]} {[%emt 00:00:15]}
79. Kb4 {[%clk 00:12:01]} {[%emt 00:03:03]} Rd1 {[%clk 00:05:26]} {[%emt
00:00:56]} 80. Bb3 {[%clk 00:11:58]} {[%emt 00:00:33]} Ra1 {[%clk 00:05:33]}
{[%emt 00:00:22]} 81. Rg2 {[%clk 00:12:00]} {[%emt 00:00:27]} Kc7 {[%clk
00:05:53]} {[%emt 00:00:12]} 82. Ba2 {[%clk 00:12:28]} {[%emt 00:00:02]} Kd6
{[%clk 00:06:15]} {[%emt 00:00:08]} 83. Kxa3 {[%clk 00:12:56]} {[%emt
00:00:02]} Ke5 {[%clk 00:06:31]} {[%emt 00:00:13]} 84. Kb4 {[%clk 00:13:24]}
{[%emt 00:00:02]} Rc1 {[%clk 00:06:49]} {[%emt 00:00:11]} 85. Bc4 {[%clk
00:13:51]} {[%emt 00:00:03]} Kd4 {[%clk 00:07:04]} {[%emt 00:00:15]} 86. Rd2
{[%clk 00:14:20]} {[%emt 00:00:02]} Ke3 {[%clk 00:07:21]} {[%emt 00:00:14]} 87.
Rd8 {[%clk 00:14:33]} {[%emt 00:00:15]} Ra1 {[%clk 00:07:18]} {[%emt 00:00:33]}
88. Kc5 {[%clk 00:14:55]} {[%emt 00:00:08]} Ra5+ {[%clk 00:07:43]} {[%emt
00:00:06]} 89. Bb5 {[%clk 00:15:24]} {[%emt 00:00:01]} Ra1 {[%clk 00:07:54]}
{[%emt 00:00:19]} 90. Re8+ {[%clk 00:15:49]} {[%emt 00:00:05]} Kf4 {[%clk
00:08:05]} {[%emt 00:00:18]} 91. Kd4 {[%clk 00:16:10]} {[%emt 00:00:09]} Kf5
{[%clk 00:08:20]} {[%emt 00:00:15]} 92. Bd3+ {[%clk 00:16:20]} {[%emt
00:00:20]} Kf6 {[%clk 00:08:43]} {[%emt 00:00:07]} 93. Rf8+ {[%clk 00:16:48]}
{[%emt 00:00:03]} Ke7 {[%clk 00:08:56]} {[%emt 00:00:17]} 94. Rf3 {[%clk
00:16:52]} {[%emt 00:00:26]} Ra5 {[%clk 00:08:16]} {[%emt 00:01:10]} 95. Bc4
{[%clk 00:17:15]} {[%emt 00:00:07]} Rh5 {[%clk 00:08:36]} {[%emt 00:00:09]} 96.
Bd5 {[%clk 00:17:08]} {[%emt 00:00:37]} Rh4+ {[%clk 00:08:27]} {[%emt
00:00:39]} 97. Kc5 {[%clk 00:17:16]} {[%emt 00:00:22]} Rh7 {[%clk 00:08:52]}
{[%emt 00:00:06]} 98. Rf5 {[%clk 00:17:26]} {[%emt 00:00:21]} Rg7 {[%clk
00:09:09]} {[%emt 00:00:12]} 99. Kd4 {[%clk 00:17:48]} {[%emt 00:00:07]} Kd6
{[%clk 00:09:17]} {[%emt 00:00:22]} 100. Rf6+ {[%clk 00:18:13]} {[%emt
00:00:05]} Ke7 {[%clk 00:09:43]} {[%emt 00:00:04]} 101. Re6+ {[%clk 00:18:22]}
{[%emt 00:00:21]} Kf7 {[%clk 00:09:08]} {[%emt 00:01:05]} 102. Ra6+ {[%clk
00:17:42]} {[%emt 00:01:10]} Ke7 {[%clk 00:09:30]} {[%emt 00:00:08]} 103. Be6
{[%clk 00:17:52]} {[%emt 00:00:19]} Rg5 {[%clk 00:09:09]} {[%emt 00:00:51]} 104.
Ke4 {[%clk 00:18:19]} {[%emt 00:00:03]} Rg1 {[%clk 00:09:09]} {[%emt 00:00:30]}
105. Bf5 {[%clk 00:18:31]} {[%emt 00:00:18]} Re1+ {[%clk 00:09:21]} {[%emt
00:00:18]} 106. Kd5 {[%clk 00:18:56]} {[%emt 00:00:05]} Kf7 {[%clk 00:09:43]}
{[%emt 00:00:09]} 107. Be4 {[%clk 00:19:18]} {[%emt 00:00:07]} Re3 {[%clk
00:07:20]} {[%emt 00:02:54]} 108. Ke5 {[%clk 00:19:41]} {[%emt 00:00:07]} Re1
{[%clk 00:07:45]} {[%emt 00:00:04]} 109. Ra7+ {[%clk 00:20:06]} {[%emt
00:00:06]} Ke8 {[%clk 00:08:10]} {[%emt 00:00:04]} 110. Kd5 {[%clk 00:20:21]}
{[%emt 00:00:15]} Kf8 {[%clk 00:08:38]} {[%emt 00:00:01]} 111. Rb7 {[%clk
00:19:44]} {[%emt 00:01:07]} Re2 {[%clk 00:08:30]} {[%emt 00:00:38]} 112. Bf5
{[%clk 00:20:08]} {[%emt 00:00:06]} Re7 {[%clk 00:08:52]} {[%emt 00:00:07]} 113.
Rb6 {[%clk 00:20:32]} {[%emt 00:00:06]} Kf7 {[%clk 00:08:52]} {[%emt 00:00:30]}
114. Rb1 {[%clk 00:21:00]} {[%emt 00:00:02]} Kf6 {[%clk 00:09:09]} {[%emt
00:00:14]} 115. Be4 {[%clk 00:21:20]} {[%emt 00:00:11]} Rd7+ {[%clk 00:09:23]}
{[%emt 00:00:15]} 116. Kc6 {[%clk 00:21:48]} {[%emt 00:00:02]} Rd2 {[%clk
00:09:47]} {[%emt 00:00:06]} 117. Bd5 {[%clk 00:22:14]} {[%emt 00:00:05]} Ke5
{[%clk 00:10:03]} {[%emt 00:00:13]} 118. Re1+ {[%clk 00:22:42]} {[%emt
00:00:02]} Kf4 {[%clk 00:09:47]} {[%emt 00:00:46]} 119. Kd6 {[%clk 00:23:10]}
{[%emt 00:00:02]} Rf2 {[%clk 00:09:50]} {[%emt 00:00:27]} 120. Re4+ {[%clk
00:23:24]} {[%emt 00:00:16]} Kf5 {[%clk 00:10:11]} {[%emt 00:00:09]} 121. Ra4
{[%clk 00:23:26]} {[%emt 00:00:28]} Rd2 {[%clk 00:10:11]} {[%emt 00:00:29]} 122.
Ra8 {[%clk 00:23:48]} {[%emt 00:00:09]} Kf4 {[%clk 00:10:29]} {[%emt 00:00:11]}
123. Rf8+ {[%clk 00:24:16]} {[%emt 00:00:02]} Ke3 {[%clk 00:10:48]} {[%emt
00:00:11]} 124. Ke5 {[%clk 00:24:44]} {[%emt 00:00:02]} Rf2 {[%clk 00:11:12]}
{[%emt 00:00:06]} 125. Ra8 {[%clk 00:24:56]} {[%emt 00:00:19]} Rd2 {[%clk
00:11:01]} {[%emt 00:00:40]} 126. Rh8 {[%clk 00:25:12]} {[%emt 00:00:13]} Kd3
{[%clk 00:11:11]} {[%emt 00:00:20]} 127. Rh3+ {[%clk 00:25:35]} {[%emt
00:00:07]} Kc2 {[%clk 00:11:35]} {[%emt 00:00:05]} 128. Kd6 {[%clk 00:25:35]}
{[%emt 00:00:31]} Rd4 {[%clk 00:11:41]} {[%emt 00:00:24]} 129. Kc5 {[%clk
00:26:03]} {[%emt 00:00:03]} Rf4 {[%clk 00:12:02]} {[%emt 00:00:09]} 130. Bc4
{[%clk 00:26:22]} {[%emt 00:00:11]} Kd2 {[%clk 00:12:15]} {[%emt 00:00:15]} 131.
Rd3+ {[%clk 00:26:40]} {[%emt 00:00:12]} Ke1 {[%clk 00:12:28]} {[%emt
00:00:17]} 132. Rh3 {[%clk 00:26:53]} {[%emt 00:00:17]} Kd2 {[%clk 00:12:52]}
{[%emt 00:00:07]} 133. Bd5 {[%clk 00:27:05]} {[%emt 00:00:18]} Ke2 {[%clk
00:13:08]} {[%emt 00:00:14]} 134. Kd6 {[%clk 00:27:30]} {[%emt 00:00:05]} Kd2
{[%clk 00:13:32]} {[%emt 00:00:06]} 135. Ke5 {[%clk 00:27:29]} {[%emt
00:00:02]} 1/2-1/2

[Event "1er tournoi de GMI du C'Chartres Echecs"]
[Site "Chartres, France"]
[Date "2020.10.02"]
[Round "5.4"]
[White "FEDORCHUK, Sergey"]
[Black "DAVID, Alberto"]
[Result "1-0"]
[WhiteElo "2615"]
[BlackElo "2520"]
[PlyCount "71"]
[EventDate "2020.??.??"]
[TimeControl "90+30"]
[WhiteClock "0:03:29"]
[BlackClock "0:02:59"]

1. e4 {[%emt 0:00:00]} c6 {[%emt 0:00:00]} 2. d4 {[%emt 0:00:00]} d5 {[%emt 0:
00:00]} 3. Nd2 {[%emt 0:00:00]} dxe4 {[%emt 0:00:00]} 4. Nxe4 {[%emt 0:00:00]}
Nf6 {[%emt 0:00:00]} 5. Nxf6+ {[%emt 0:00:00]} exf6 {[%emt 0:00:00]} 6. c3 {
[%emt 0:00:00]} Bd6 {[%emt 0:00:00]} 7. Bd3 {[%emt 0:00:00]} O-O {[%emt 0:00:
00]} 8. Qc2 {[%emt 0:00:00]} Re8+ {[%emt 0:00:00]} 9. Ne2 {[%emt 0:00:00]} h5 {
[%emt 0:00:00]} 10. Be3 {[%emt 0:00:00]} Nd7 {[%emt 0:00:00]} 11. O-O-O {
[%emt 0:00:00]} Nf8 {[%emt 0:00:00]} 12. Kb1 {[%emt 0:00:00]} Be6 {[%emt 0:00:
00]} 13. c4 {[%emt 0:00:00]} Rc8 {[%emt 0:00:00]} 14. Nc3 {[%emt 0:00:00]} Ng6
{[%emt 0:00:00]} 15. Rhe1 {[%emt 0:00:00]} Bb4 {[%emt 0:00:00]} 16. f4 {
[%emt 0:00:00]} Bg4 {[%emt 0:00:00]} 17. Rc1 {[%emt 0:00:00]} Bxc3 {[%emt 0:07:
03]} 18. bxc3 {[%emt 0:00:00]} Bd7 {[%emt 0:05:57]} 19. f5 {[%emt 0:00:00]} Ne7
{[%emt 0:00:00]} 20. h3 {[%emt 0:00:00]} b5 {[%emt 0:00:00]} 21. g4 {[%emt 0:
00:00]} bxc4 {[%emt 0:00:00]} 22. Bxc4 {[%emt 0:00:00]} Nd5 {[%emt 0:00:00]}
23. Bd2 {[%emt 0:00:00]} Qc7 {[%emt 0:00:00]} 24. Qd3 {[%emt 0:00:00]} Nb6 {
[%emt 0:00:00]} 25. Ba6 {[%emt 0:00:00]} Rb8 {[%emt 0:00:00]} 26. Ka1 {[%emt 0:
00:00]} Qd6 {[%emt 0:00:00]} 27. Rg1 {[%emt 0:00:00]} Qa3 {[%emt 0:01:05]} 28.
Rc2 {[%emt 0:00:00]} h4 {[%emt 0:00:53]} 29. Bf4 {[%emt 0:00:00]} Rbd8 {
[%emt 0:00:29]} 30. g5 {[%emt 0:00:00]} Qa5 {[%emt 0:00:07]} 31. gxf6 {[%emt 0:
07:46]} Bxf5 {[%emt 0:00:03]} 32. Rxg7+ {[%emt 0:00:46]} Kh8 {[%emt 0:00:01]}
33. Qd2 {[%emt 0:06:56]} Qxa6 {[%emt 0:00:12]} 34. Be5 {[%emt 0:00:02]} Qd3 {
[%emt 0:00:08]} 35. Qh6+ {[%emt 0:00:16]} Bh7 {[%emt 0:00:03]} 36. Rxf7 {
[%emt 0:00:15]} 1-0

[Event "1er tournoi de GMI du C'Chartres Echecs"]
[Site "Chartres, France"]
[Date "2020.10.02"]
[Round "6.4"]
[White "DUBOUE, Peio"]
[Black "FEDORCHUK, Sergey"]
[Result "0-1"]
[WhiteElo "2439"]
[BlackElo "2615"]
[PlyCount "100"]
[EventDate "2020.??.??"]
[TimeControl "90+30"]
[WhiteClock "0:03:23"]
[BlackClock "0:03:26"]

1. e4 {[%emt 0:00:00]} c5 {[%emt 0:00:00]} 2. c3 {[%emt 0:00:00]} d5 {[%emt 0:
00:00]} 3. exd5 {[%emt 0:00:00]} Qxd5 {[%emt 0:00:00]} 4. d4 {[%emt 0:00:00]}
Nf6 {[%emt 0:00:00]} 5. Nf3 {[%emt 0:00:00]} e6 {[%emt 0:00:00]} 6. Be3 {
[%emt 0:00:00]} cxd4 {[%emt 0:00:00]} 7. cxd4 {[%emt 0:00:00]} Bb4+ {[%emt 0:
00:00]} 8. Nc3 {[%emt 0:00:00]} Bd7 {[%emt 0:00:00]} 9. Be2 {[%emt 0:00:00]}
Bb5 {[%emt 0:00:00]} 10. O-O {[%emt 0:00:00]} Bxc3 {[%emt 0:00:00]} 11. bxc3 {
[%emt 0:00:00]} O-O {[%emt 0:00:00]} 12. Rb1 {[%emt 0:00:00]} Bxe2 {[%emt 0:00:
00]} 13. Qxe2 {[%emt 0:00:00]} b6 {[%emt 0:00:00]} 14. c4 {[%emt 0:00:00]} Qe4
{[%emt 0:00:00]} 15. Rfc1 {[%emt 0:00:00]} Nc6 {[%emt 0:00:00]} 16. Ng5 {
[%emt 0:00:00]} Qg6 {[%emt 0:00:00]} 17. Nh3 {[%emt 0:00:00]} Rfd8 {[%emt 0:00:
00]} 18. Qb2 {[%emt 0:00:00]} h6 {[%emt 0:00:00]} 19. Nf4 {[%emt 0:00:00]} Qe4
{[%emt 0:00:00]} 20. Ne2 {[%emt 0:00:00]} Rac8 {[%emt 0:00:00]} 21. Qc2 {
[%emt 0:00:00]} e5 {[%emt 0:00:00]} 22. d5 {[%emt 0:00:00]} Qxc2 {[%emt 0:00:
43]} 23. Rxc2 {[%emt 0:00:00]} Ne7 {[%emt 0:00:13]} 24. Rbc1 {[%emt 0:00:00]}
Nf5 {[%emt 0:00:07]} 25. Ng3 {[%emt 0:00:00]} Nxg3 {[%emt 0:01:21]} 26. hxg3 {
[%emt 0:00:00]} Rd7 {[%emt 0:00:04]} 27. f4 {[%emt 0:00:00]} Ng4 {[%emt 0:03:
54]} 28. Bd2 {[%emt 0:00:00]} exf4 {[%emt 0:05:14]} 29. gxf4 {[%emt 0:00:00]}
Rdc7 {[%emt 0:00:06]} 30. d6 {[%emt 0:00:00]} Rc6 {[%emt 0:00:27]} 31. Bb4 {
[%emt 0:00:00]} Nf6 {[%emt 0:00:15]} 32. Ba3 {[%emt 0:02:27]} Re8 {[%emt 0:01:
31]} 33. c5 {[%emt 0:06:08]} bxc5 {[%emt 0:00:50]} 34. Rxc5 {[%emt 0:01:07]}
Rxd6 {[%emt 0:00:33]} 35. Rc8 {[%emt 0:01:15]} Rd1+ {[%emt 0:02:17]} 36. Rxd1 {
[%emt 0:01:02]} Rxc8 {[%emt 0:00:04]} 37. Be7 {[%emt 0:01:25]} Ne4 {[%emt 0:00:
20]} 38. Rd7 {[%emt 0:01:02]} a6 {[%emt 0:01:05]} 39. Ra7 {[%emt 0:00:33]} Rc1+
{[%emt 0:00:45]} 40. Kh2 {[%emt 0:00:04]} Rc6 {[%emt 0:00:04]} 41. a4 {[%emt 0:
00:18]} Nc3 {[%emt 0:01:16]} 42. a5 {[%emt 0:00:18]} Nd5 {[%emt 0:00:09]} 43.
Bd8 {[%emt 0:01:32]} Nxf4 {[%emt 0:00:47]} 44. Bb6 {[%emt 0:00:54]} Rc2 {
[%emt 0:00:04]} 45. Rxa6 {[%emt 0:00:29]} Rxg2+ {[%emt 0:00:05]} 46. Kh1 {
[%emt 0:00:03]} Ra2 {[%emt 0:00:04]} 47. Ra8+ {[%emt 0:00:25]} Kh7 {[%emt 0:00:
04]} 48. a6 {[%emt 0:01:45]} Nd5 {[%emt 0:00:22]} 49. Bd4 {[%emt 0:01:34]} Nc7
{[%emt 0:00:09]} 50. Rf8 {[%emt 0:00:46]} Ne6 {[%emt 0:00:11]} 0-1

[Event "1er tournoi de GMI du C'Chartres Echecs 2020"]
[Site "Chartres, France"]
[Date "2020.10.03"]
[Round "7.1"]
[White "MAURIZZI, Marc Andria"]
[Black "DAVID, Alberto"]
[Result "1/2-1/2"]
[TimeControl "90'+30\""]
[WhiteTitle "IM"]
[BlackTitle "GM"]
[WhiteElo "2433"]
[BlackElo "2520"]

1. d4 {[%clk 01:30:58]} {[%emt 00:00:02]} Nf6 {[%clk 01:29:52]} {[%emt
00:01:08]} 2. Nf3 {[%clk 01:31:20]} {[%emt 00:00:09]} e6 {[%clk 01:28:13]}
{[%emt 00:02:09]} 3. Bf4 {[%clk 01:30:24]} {[%emt 00:01:25]} b6 {[%clk
01:28:16]} {[%emt 00:00:28]} 4. Nbd2 {[%clk 01:30:04]} {[%emt 00:00:49]} Bb7
{[%clk 01:28:08]} {[%emt 00:00:38]} 5. e3 {[%clk 01:30:19]} {[%emt 00:00:15]}
Be7 {[%clk 01:28:14]} {[%emt 00:00:24]} 6. Bd3 {[%clk 01:29:25]} {[%emt
00:01:23]} c5 {[%clk 01:23:28]} {[%emt 00:05:18]} 7. c3 {[%clk 01:25:00]}
{[%emt 00:04:55]} cxd4 {[%clk 01:21:16]} {[%emt 00:02:42]} 8. exd4 {[%clk
01:25:18]} {[%emt 00:00:12]} d6 {[%clk 01:16:00]} {[%emt 00:05:45]} 9. O-O
{[%clk 01:22:53]} {[%emt 00:02:55]} O-O {[%clk 01:12:49]} {[%emt 00:03:42]} 10.
Re1 {[%clk 01:16:59]} {[%emt 00:06:23]} Nd5 {[%clk 01:06:10]} {[%emt 00:07:10]}
11. Bg3 {[%clk 01:16:14]} {[%emt 00:01:14]} Nd7 {[%clk 01:05:04]} {[%emt
00:01:36]} 12. Qc2 {[%clk 01:04:36]} {[%emt 00:12:09]} h6 {[%clk 00:59:20]}
{[%emt 00:06:13]} 13. Rad1 {[%clk 01:02:06]} {[%emt 00:02:58]} N5f6 {[%clk
00:56:53]} {[%emt 00:02:59]} 14. Nc4 {[%clk 00:50:36]} {[%emt 00:12:00]} Nh5
{[%clk 00:50:37]} {[%emt 00:06:46]} 15. Bxd6 {[%clk 00:40:45]} {[%emt
00:10:22]} Bxd6 {[%clk 00:48:01]} {[%emt 00:03:06]} 16. Nxd6 {[%clk 00:41:01]}
{[%emt 00:00:14]} Bxf3 {[%clk 00:48:22]} {[%emt 00:00:09]} 17. gxf3 {[%clk
00:41:29]} {[%emt 00:00:02]} Qg5+ {[%clk 00:48:43]} {[%emt 00:00:08]} 18. Kh1
{[%clk 00:41:31]} {[%emt 00:00:28]} Qf4 {[%clk 00:49:05]} {[%emt 00:00:07]} 19.
Ne4 {[%clk 00:41:27]} {[%emt 00:00:35]} Qxf3+ {[%clk 00:47:58]} {[%emt
00:01:38]} 20. Kg1 {[%clk 00:41:56]} {[%emt 00:00:01]} Nf4 {[%clk 00:43:26]}
{[%emt 00:05:02]} 21. Bf1 {[%clk 00:42:21]} {[%emt 00:00:05]} Qg4+ {[%clk
00:43:51]} {[%emt 00:00:04]} 22. Kh1 {[%clk 00:37:08]} {[%emt 00:05:42]} Qf3+
{[%clk 00:38:50]} {[%emt 00:05:32]} 23. Kg1 {[%clk 00:37:37]} {[%emt 00:00:01]}
Qg4+ {[%clk 00:39:13]} {[%emt 00:00:06]} 24. Kh1 {[%clk 00:37:52]} {[%emt
00:00:14]} 1/2-1/2